[Event "Polanica Zdroj op-C 52nd"]
[Site "Polanica Zdroj"]
[Date "2016.08.28"]
[Round "7"]
[White "Mastalarz, Jozef"]
[Black "Brzozowski, Pawel"]
[Result "1-0"]
[WhiteElo "1757"]
[BlackElo "1586"]
[PlyCount "53"]
[EventDate "2016.08.20"]
[EventType "swiss"]
[EventRounds "9"]
[EventCountry "POL"]
[SourceTitle "CBM 174 Extra"]
[Source "ChessBase"]
[SourceDate "2016.10.10"]
[SourceVersion "1"]
[SourceVersionDate "2016.10.10"]
[SourceQuality "1"]

1. Nc3 e6 2. Nf3 d5 3. e3 c5 4. Bb5+ Bd7 5. Bxd7+ Nxd7 6. 0-0 a6 7. a4 b6 8. d3 Bd6 9. e4 d4 10. Ne2 Ne7 11. Ng3 Ng6 12. c3 Nde5 13. Nxe5 Bxe5 14. c4 Qc7 15. Nh5 f6 16. f4 Bd6 17. Qg4 Qf7 18. e5 Bc7 19. exf6 gxf6 20. f5 Ne5 21. Qh4 Kd7 22. fxe6+ Qxe6 23. Nxf6+ Kc8 24. Qe4 Kb8 25. Nd5 Bd6 26. Rf6 Qd7 27. Nxb6 1-0

[Event "Polanica Zdroj op-C 52nd"]
[Site "Polanica Zdroj"]
[Date "2016.08.28"]
[Round "2"]
[White "Mastalarz, Jozef"]
[Black "Karp, Maciej"]
[Result "1-0"]
[WhiteElo "1757"]
[BlackElo "1578"]
[PlyCount "51"]
[EventDate "2016.08.20"]
[EventType "swiss"]
[EventRounds "9"]
[EventCountry "POL"]
[SourceTitle "CBM 174 Extra"]
[Source "ChessBase"]
[SourceDate "2016.10.10"]
[SourceVersion "1"]
[SourceVersionDate "2016.10.10"]
[SourceQuality "1"]

1. Nc3 d5 2. Nf3 Nf6 3. e3 c5 4. Bb5+ Nc6 5. 0-0 Bd7 6. d3 e6 7. e4 Be7 8. Re1 d4 9. Ne2 0-0 10. Ng3 a6 11. Bxc6 Bxc6 12. Ne5 Qc7 13. f4 b5 14. b3 Nd7 15. Nxd7 Qxd7 16. f5 Bh4 17. Qg4 Bxg3 18. f6 g6 19. hxg3 e5 20. Qh4 Qd6 21. Kf2 Rfe8 22. Bh6 Re6 23. Bg7 Ra7 24. Rh1 h5 25. Qg5 c4 26. Rxh5 1-0

[Event "Polanica Zdroj op-C 52nd"]
[Site "Polanica Zdroj"]
[Date "2016.08.28"]
[Round "8"]
[White "Slabek, Grzegorz"]
[Black "Mastalarz, Jozef"]
[Result "1-0"]
[WhiteElo "1963"]
[BlackElo "1757"]
[PlyCount "151"]
[EventDate "2016.08.20"]
[EventType "swiss"]
[EventRounds "9"]
[EventCountry "POL"]
[SourceTitle "CBM 174 Extra"]
[Source "ChessBase"]
[SourceDate "2016.10.10"]
[SourceVersion "1"]
[SourceVersionDate "2016.10.10"]
[SourceQuality "1"]

1. Nf3 Nf6 2. e3 d5 3. Be2 c5 4. d4 cxd4 5. exd4 Bg4 6. h3 Bh5 7. 0-0 e6 8. c4 Nc6 9. cxd5 Nxd5 10. Nc3 Be7 11. Nxd5 Qxd5 12. Be3 0-0 13. Ne5 Bxe2 14. Nxc6 Qxc6 15. Qxe2 Rac8 16. d5 Qxd5 17. Bxa7 Rfd8 18. Rfd1 Qc6 19. Bd4 Rd5 20. Be3 Rcd8 21. Rac1 Qd7 22. Rxd5 Qxd5 23. Qc4 Qxc4 24. Rxc4 Rd1+ 25. Kh2 Bd6+ 26. g3 h6 27. Kg2 Kh7 28. Ra4 Kg6 29. Bb6 Rd5 30. Rg4+ Kf6 31. Bd8+ Kf5 32. Rxg7 Be5 33. Rg8 Bxb2 34. g4+ Ke4 35. Bb6 Bc1 36. Rc8 Rb5 37. f3+ Kd5 38. Rxc1 Rxb6 39. Rc7 f5 40. Kg3 fxg4 41. hxg4 e5 42. Rc2 Kd4 43. Re2 Rf6 44. Re4+ Kd5 45. Rb4 b6 46. Ra4 Kc5 47. Ra8 Kd4 48. Kf2 b5 49. Rd8+ Kc5 50. Ke3 Kc4 51. Rd1 b4 52. Rd2 Kc3 53. Rf2 Ra6 54. Ke4 Ra5 55. Rh2 Kc4 56. Rc2+ Kb5 57. Kxe5 Ka4+ 58. Kf4 Ka3 59. Ke4 h5 60. gxh5 Rxh5 61. f4 Rh1 62. f5 Re1+ 63. Kf3 Rf1+ 64. Ke4 Re1+ 65. Kd5 Rd1+ 66. Ke6 Re1+ 67. Kd7 Rf1 68. Ke6 Re1+ 69. Kf7 Rf1 70. f6 Rf3 71. Ke7 Rf1 72. Re2 Rc1 73. f7 Rc7+ 74. Kf6 Rc6+ 75. Kg7 Rc7 76. Kg8 1-0